02079cam a22003617a 45000010009000000050017000090080041000260100017000670350024000840400044001080420014001520500021001660820018001871000030002052450060002352500012002952600057003073000047003643360026004113370028004373380027004655050641004926500029011336500035011627000029011978560106012268560091013328560092014239060045015159420012015609990019015729520126015911720968820230228153246.0120314s2013 maua b 001 0 eng d a 2012935435 a(OCoLC)ocn809689438 aSMUcSMUdCUDdMYPMPdOCLCFdYDXCPdDLC alccopycat00aQA297b.F35 201304a519.4,FAI2231 aFaires, J. Douglas.9719010aNumerical methods /cJ. Douglas Faires, Richard Burden. a4th ed. aBoston, MA :bBrooks/Cole, Cengage Learning,cc2013. axiii, 591 p. :bill. (some col.) ;c26 cm. atextbtxt2rdacontent aunmediatedbn2rdamedia avolumebnc2rdacarrier00gMathematical Preliminaries And Error Analysis (Page-1), Solutions Of Equations Of One Variable (Page-33), Interpolation And Polynomial Approximation (Page-63), Numerical Integration And Differentiation (Page-107), Numerical Solution Of Initial-Value Problems (Page-173), Direct Methods For Solving Linear Systems (Page-229), Iterative Methods For Solving Linear Systems (Page-229), Approximation Theory (Page-321), Approximating Eigenvalues (Page-363), Systems Nonlinear Equations (Page-413), Boundary Value Problems For Ordinary Differential Equations (Page-441), Numerical Methods For Partial Differential Equations (Page-475).t -- 0aNumerical analysis.9103 7aNumerical analysis.2fast91031 aBurden, Richard L.97191423Contributor biographical informationuhttp://www.loc.gov/catdir/enhancements/fy1412/2012935435-b.html423Publisher descriptionuhttp://www.loc.gov/catdir/enhancements/fy1412/2012935435-d.html413Table of contents onlyuhttp://www.loc.gov/catdir/enhancements/fy1412/2012935435-t.html a7bcbcccopycatd2encipf20gy-gencatlg 2ddccBK c593468d593468 00102ddc4070aMCSbMCScGENd2023-02-28l0o519.4,FAIpMCS37867r2023-02-28w2023-02-28yBKzAlmirah No.72, Shelf No.1